000 00752nas a2200253 4500
001 BR2015005255
003 BR-BrBNA
005 20231205125747.0
007 ta
008 230509b bl.|||p| |||| 00| 00por d
040 _aBR-BrBNA
_bpor
_cBiblioteca Nacional de Agricultura
041 _a(Pt)
072 _aQ01
100 1 _aCollares, D.
245 1 _aAproveitar as tortas adicional de renda para os agricultores familiares
650 _aPINHAO DE PURGA
650 _aMAMONA
650 _aAGRICULTURA FAMILIAR
650 _aPRODUCAO VEGETAL
650 _aRENDA
773 0 _tAgroenergia em revista (Brazil)
_xISSN 2238-1023
_g(Jul 2013), v. 3(6) p. 14-15
_wBR2015005255
909 _a202311
_bLúcia
_c55
_dLúcia Elande
942 _2AGRIS
_n0
_cANA
999 _c245982
_d245982